00519nam a2200145Ia 4500008004100000041000800041082001700049100002200066245004500088260004000133300003000173365001100203999001700214952014200231240624s9999 xx 000 0 und d aeng a658.4092 PAT aPATTANAIK DEVDUTT aLEADERSHIP SUTRA AN INDIAN APPROACH TO P c2016aNew DelhibAleph Book Company axi, : 137 : p. : cm. ; 20 cRSb30 c28090d28090 00104070aIMTNbIMTNcRack 29-Bd2016-10-25eBWNg399.00l2m1o658.4092 PATp28090r2025-07-16 00:00:00s2025-07-07t1w2024-06-24yBK